Grupo de Expertos en cooperación Energética entre los Organismos de Cooperación e Integración Económica. Informe final /
Guardado en:
| Autores Corporativos: | , |
|---|---|
| Formato: | Texto |
| Publicado: |
Quito:
UNCTAD
|
| Etiquetas: |
Agregar Etiqueta
Sin Etiquetas, Sea el primero en etiquetar este registro!
|
MARC
| LEADER | 00000 a a2200000 04500 | ||
|---|---|---|---|
| 001 | 23522 | ||
| 003 | |||
| 040 | |||
| 090 | |a 164500 | ||
| 110 | |a NU | ||
| 245 | |a Grupo de Expertos en cooperación Energética entre los Organismos de Cooperación e Integración Económica. Informe final / |c NU | ||
| 260 | |a Quito: |b UNCTAD | ||
| 300 | |a p. irreg. | ||
| 710 | |a UNCTAD |a OPAEP | ||
| 999 | |c 11873 |d 11873 | ||
